เปลี่ยนเป็นภาษาไทย

Change to English
 แสดงรายละเอียดบรรณานุกรม
  กลับหน้าหลัก

Brief Record : Get Marc (ISO 2709) : E-mail record : QR code < ปิดหน้าต่าง
mysqli: Table './ulib62015/stat_globaluid' is marked as crashed and should be repaired
select id from stat_globaluid where statuid='20260517155019_4428' 
mysqli: Table './ulib62015/stat_globaluid' is marked as crashed and should be repaired
DELETE FROM stat_globaluid
			WHERE id NOT IN (
			  SELECT id
			  FROM (
				SELECT id
				FROM stat_globaluid
				ORDER BY id DESC
				LIMIT 100
			  ) foo
			); 
mysqli: Table './ulib62015/stat_globaluid' is marked as crashed and should be repaired
insert into stat_globaluid set
		statuid='20260517155019_4428',
		dt='1779007819',
		phpself='/ULIB62015/dublinfull.php',
		agent='Mozilla/5.0 AppleWebKit/537.36 (KHTML, like Gecko; compatible; ClaudeBot/1.0; +claudebot@anthropic.com)',
		yea='2026',
		mon='5',
		dat='17',
		ip='216.73.216.45'
		
		
mysqli: Table './ulib62015/stathist_viewbib_bib_type' is marked as crashed and should be repaired
insert into stathist_viewbib_bib_type set 
		dat='17' ,
		 mon='05' ,
		  yea='2026' ,
			 statuid='20260517155019_4428' ,
			 head='13399107804' ,
			 foot='marc' ,
			 dt='1779007819' 
		
LEADER : 00000nam 2200000uu 4500
008    101217s||||||||th 000 0 tha d
010     89005197
020    0801654815
050  4 QL47.2^bH628 1990
100 1  Hickman, Cleveland P.
245 10 Biology of animals /^cClevland P. Hickman, Jr., Larry S.Roberts, Frances M. Hickman.
250    5th ed.
260    St. Louis :^bTimes Mirror/Mosby College Pub.,^c1990.
300    xii, 648, [59] p. :^bill. (some col.) ;^c28 cm.
500    Includes index.
504    Includes bibliographical references.
650  7 Zoology.
700 1  Robert, Larry S.,^d1935-
700 1  Hickman, Frances Miller.
945    ^p0^l0^i014218
945    ^p0^l0^i014219
999    ^aบรรณารักษ์
รายการนี้ยังไม่มีแท็ก
คุณยังไม่ได้ล็อกอิน คุณสามารถมีกิจกรรมร่วมกับเว็บไซต์ได้ แต่ต้องล็อกอินก่อน ::
  ล็อกอิน
  One Stop Service : ศูนย์ให้บริการแบบเบ็ดเสร็จ   จัดการหนังสือโปรด   แจ้งรายการบรรณานุกรมผิดพลาด
ลำดับที่ ประเภท เลขเรียก/บาร์โค้ด สถานที่ สถานะ
1. หนังสือ
หนังสือ
QL47.2 H628 c.1 
  Barcode: 014218
หนังสือทั่วไป บนชั้น
  ขอยืม
2. หนังสือ
หนังสือ
QL47.2 H628 c.2 
  Barcode: 014219
หนังสือทั่วไป บนชั้น
  ขอยืม

BibComment


ยังไม่เคยถูกคอมเมนท์

คอมเมนท์ทรัพยากรรายการนี้
  คอมเมนท์: Biology of animal..
Bib 13399107804

 
 
 

 Union Library Management : ULibM
Copyright 2026. All Rights Reserved.